01328nam a2200349 a 4500001001200000003000800012006001900020007001500039008004100054010001700095020004100112020002400153020002500177020002700202040002100229035002100250043001200271050002500283082001900308100002700327245011200354260006000466300001100526504005100537533015200588650002100740650002800761655002900789710001700818856012600835999001700961ebr10555829CaPaEBRm u cr cn|||||||||120419s2012 kyu sb 001 0 eng d z 2012014988 z9780813136004 (hardcover alk. paper) z9780813136011 (pdf) z9780813140308 (epub) z9780813136011 (e-book) aCaPaEBRcCaPaEBR a(OCoLC)799999016 an-us-ky14aGR110.K4bH36 2012eb04a398.2097692231 aHamilton, Mary,d1952-10aKentucky folktalesh[electronic resource] :brevealing stories, truths, and outright lies /cMary Hamilton. aLexington, Ky. :bUniversity Press of Kentucky,cc2012. a219 p. aIncludes bibliographical references and index. aElectronic reproduction.bPalo Alto, Calif. :cebrary,d2011.nAvailable via World Wide Web.nAccess may be limited to ebrary affiliated libraries. 0aTaleszKentucky. 0aStorytellingzKentucky. 7aElectronic books.2local2 aebrary, Inc.40uhttp://site.ebrary.com/lib/rucke/Doc?id=10555829zAn electronic book accessible through the World Wide Web; click to view c89269d89269